| 000 | 01038nas a2200325 4500 | ||
|---|---|---|---|
| 001 | BR2011008274 | ||
| 003 | BR-BrBNA | ||
| 005 | 20231205115856.0 | ||
| 007 | ta | ||
| 008 | 230509b bl.|||p| |||| 00| 00por d | ||
| 040 |
_aBR-BrBNA _bpor _cBiblioteca Nacional de Agricultura |
||
| 041 | _a(Pt) | ||
| 072 | _aL74; L70 | ||
| 100 | 1 | _aCampos, L.C. | |
| 100 | 1 | _aGamba, C. de O. | |
| 100 | 1 | _aLavalle, G.E. | |
| 100 | 1 | _aCassali, G.D. | |
| 245 | 1 | _aCEA como marcador tumoral em cadela portadora de carcinossarcoma mamário avançado | |
| 246 | 1 | _aCEA as a tumor marker in a female dog with advanced mammary carcinosarcoma | |
| 650 | _aCÃO | ||
| 650 | _aCARCINOMA | ||
| 650 | _aSARCOMA | ||
| 650 | _aTUMOR | ||
| 650 | _aCANCER | ||
| 650 | _a | ||
| 650 | _a | ||
| 773 | 0 |
_tMEDVEP. Revista Científica de Medicina Veterinária. Pequenos Animais e Animais de Estimação (Brazil) _xISSN 1678-1430 _g(Oct-Dec 2010), v. 8(27) p. 646-649 _wBR2011008274 |
|
| 909 |
_a202311 _bLúcia _c55 _dLúcia Elande |
||
| 942 |
_2AGRIS _n0 _cANA |
||
| 999 |
_c216119 _d216119 |
||